[Event "Prague op"]
[Site "Prague"]
[Date "2020.02.19"]
[Round "7"]
[White "Kapnisis, Spyridon"]
[Black "Pechac, Jergus"]
[Result "0-1"]
[WhiteElo "2471"]
[BlackElo "2499"]
[Annotator "Kapnisis,Spyridon"]
[PlyCount "76"]
[EventDate "2020.02.14"]
[EventType "swiss"]
[EventRounds "9"]
[EventCountry "CZE"]
[SourceTitle "CBM 195 Extra"]
[Source "ChessBase"]
[SourceDate "2020.05.31"]
[SourceVersion "1"]
[SourceVersionDate "2020.05.31"]
[SourceQuality "1"]

1. c4 c6 2. Nf3 d5 3. e3 Nf6 4. Nc3 a6 5. d4 e6 6. b3 Bb4 7. Bd2 dxc4 $6 {
My opponent surprised me by quickly taking on c4 which looks quite illogical
after playing a6. After the game he told me that it had been played against
him and when he analyzed the position he thought that it could be tried
against an unprepared opponent.} 8. bxc4 (8. Bxc4) 8... c5 9. Bd3 Nc6 10. O-O
$6 {Sacrificing a pawn against a well prepared opponent, in a position unknown
to me, was not the smartest idea.} (10. Rb1 $5 {I didn't consider this move
although it is quite natural.} cxd4 (10... Ba5 $5 11. O-O cxd4 (11... O-O 12.
Ne4 $14) 12. Ne4 $1 $44) 11. exd4 Bc5 12. Na4 $1 Ba7 (12... Bxd4 13. Nxd4 Qxd4
14. Be3 (14. Bc3 $5 $44) 14... Qg4 15. Qxg4 (15. Nb6 $5 Qxg2 (15... Qxd1+ 16.
Kxd1 Rb8 17. Bc5 $14) 16. Kd2 Rb8 17. Rg1 Qxh2 18. Rxg7 $13 {with a wild
position}) 15... Nxg4 16. Nb6 Nxe3 $1 (16... Rb8 17. Bc5 $16) 17. Nxa8 Nxg2+
18. Kd2 $14) 13. O-O Nxd4 14. Bc3 $44) (10. Ne2 {looked at least passive.} b6 (
10... O-O 11. O-O Qc7 12. Rb1 Rd8 13. Ng3 $13) 11. O-O Bb7 $13) 10... cxd4 $1 (
10... O-O $6 {was what had been tried against my opponent:} 11. Ne4 $5 {
This was my idea if Black didn't take on d4 and it seems that White gets a
pleasant edge:} (11. a3 $5 Ba5 12. d5 (12. Na4 $5 $14) 12... Bxc3 $2 (12...
exd5 $5 13. Nxd5 Bg4 {Black doesn't face too many problems.} (13... Bxd2 14.
Qxd2 Bg4 15. Be2 $14)) 13. Bxc3 $40 {1-0 (41) Pechac,J (2449)-Vajda,L (2547)
Slovakia SVK 2019 White gets a very dangerous initiative.}) 11... cxd4 12. exd4
Be7 13. Qc2 $14) 11. exd4 Nxd4 $1 {My opponent didn't hesitate for a single
minute which made me think that my evaluation after 14.Qxb4 was wrong.} (11...
O-O 12. Ne4 $14 {is pleasant for white}) 12. Nxd4 Qxd4 13. Qa4+ Bd7 14. Qxb4 {
I saw this position before playing 10.0-0 and I considered it at least
dangerous for black. Of course I was not very happy that my opponent was still
blitzing his moves.} Qxd3 15. Bg5 $6 {During the game I felt that my bishop
belongs to g5 while I should keep my rooks flexible. The idea behind Bg5 is to
take on f6 and play Nd5 with/without preparation.} (15. Rad1 a5 $1 (15... Bc6
$6 16. Be3 a5 $1 (16... Qg6 17. f3 $16 {[%csl Re8] Black has no counterplay
and no way to bring his king out of the center.}) 17. Qa3 Qxc4 18. Rd4 Qa6 19.
Rfd1 {White has at least decent compensation.}) (15... Rc8 $6 16. Bh6 $1 Qg6
17. Be3 $40) 16. Qxb7 (16. Qa3 $2 Qxc4 {and Black is clearly better.}) 16...
O-O 17. Be1 Qxc4 18. Rxd7 Nxd7 19. Qxd7 $13 {I saw this position and I didn't
go for it as I felt I was slightly worse. After the game my opponent informed
me that he knew up to this point and that the position is more or less equal.})
15... Bc6 $6 {This is the first time my opponent didn't blitz out his move and
I was quite relieved that he didn't go for Rc8.} (15... Rc8 {is probably better
} 16. Bxf6 {I was planning on taking to f6.} (16. Rfd1 Qxc4 17. Qd6 Rc6 18.
Qb8+ Bc8 19. Rac1 O-O 20. h3 h6 21. Bxf6 gxf6 22. Nd5 exd5 23. Qg3+ Kh7 24.
Rxc4 dxc4 25. Qc3 $15 {seems at least comfortable for Black.}) 16... gxf6 17.
Rfd1 Qxc4 18. Qd6 Qxc3 $1 {I misevaluated this option for Black which leads to
a rook ending with a pawn up for black. The position remains tenable for White.
} (18... Qc7 $6 19. Ne4 $13 {I saw this ending and I considered it close to
equal.}) 19. Qxd7+ Kf8 20. Rab1 Qc6 21. Rxb7 Qxd7 22. Rbxd7) 16. Bxf6 (16. Rad1
Qg6 $19) 16... gxf6 17. Nd5 {Here I lost a lot of valuable time missing a
simple enough tactic. I was trying to evaluate both 17.Rad1 and 17.Nd5 and
missed that 17.Rad1 blunders instantly.} (17. Rad1 $2 a5 $1 {I saw this
intermediate move immediately but somehow I insisted on making this position
work for me.} (17... Qf5 $2 18. Nd5 Bxd5 19. Rxd5 exd5 20. Re1+ Qe5 21. Rxe5+
fxe5 22. cxd5 $16 {is problematic for Black}) 18. Qb3 Qf3 $1 $19 {I saw this
typical idea only after having lost probably 10 minutes of my time calculating
other stuff. The position is lost for White. Solving easy tactical exercises
is valuable for all playing levels!} (18... Qg6 $2 19. Nd5 exd5 20. cxd5 $44) (
18... Qh3 $6 19. f3 $17)) 17... Bxd5 (17... exd5 $2 {is suicidal and to be
perfectly honest I didn't even care to find a specific win during the game.}
18. Rfe1+ (18. Qd6 $2 dxc4 19. Rfe1+ Be4 20. Qxf6 O-O 21. Rad1 Qc2 22. Rc1 $11)
18... Kd8 19. Qd6+ Bd7 (19... Kc8 20. Re7 $18) 20. Rab1 $1 $18 (20. Qxf6+ Kc7
21. Rab1 $18)) 18. cxd5 Qxd5 19. Rac1 $6 {I really liked this move but it is
probably a mistake. I should have focused on the d-file, something I failed to
understand during the game.} (19. Rad1 Qb5 20. Qd4 $44 {I have enough
compensation to at least hold the balance.}) 19... a5 $5 (19... Rd8 $5 20. Rc7
Qd6 $15) 20. Qa3 Rg8 {I was quite happy to see Rg8 since it meant that Black
cannot castle, but this doesn't mean that the black king will be in danger.}
21. g3 (21. f3 $2 Qd4+ 22. Kh1 Rg5 $17) 21... Rg4 22. Rc5 (22. f4 $5 {[%csl
Rg4] I didn't play this because I thought that Black will always have a draw
because of my weak king. I felt I was better here, but once again my
evaluation wasn't correct.} Qd4+ 23. Rf2 Qb4 24. Qb2 {is about equal.}) 22...
Qd8 23. Rfc1 (23. Rh5 {was at least interesting. I played Rfc1 quite quickly
because I didn't have enough time and it seemed like the best move.} Rg7 24.
Rc1 $44) 23... Rd4 $1 {The rook lift is completed and the rook from h8 joins
the defense through the d-file.} 24. Qf3 Rd7 $6 (24... b6 $1 25. Rc7 (25. Rh5
Rc8 $17 {The black pieces are finally activated and Black has the better
chances}) 25... Rd5 $15) (24... Kf8 $5 {was another move that I underestimated}
25. Rc7 b6 26. Qb7 Rd1+ 27. Rxd1 Qxd1+ 28. Kg2 Qd5+ 29. Qxd5 exd5 30. Rb7 $15 {
and I still have good drawing chances although good defense will be required.})
25. Qh5 $6 {A serious mistake which gives Black a solid advantage. I failed to
understand that my queen is needed on f3 because it stops Black's counterplay.
While I will lose 2 moves to get the h7 pawn, Black will have enough time to
activate his pieces.} (25. Rh5 $1 Rc8 (25... Rd3 26. Qxb7 $1 {was a important
variation:} Rd1+ 27. Kg2 Rb8 (27... Rxc1 28. Rxh7 Qd5+ 29. Qxd5 exd5 30. Rh8+
$14) 28. Qc6+ Kf8 $11) 26. Rb1 $13) 25... Ke7 $6 (25... b6 $1 26. R5c2 (26. Rc6
Kf8 $1 $15) 26... Ke7 $15 (26... Rd5 27. Qxh7 Rd1+ 28. Rxd1 Qxd1+ 29. Kg2 Qd5+
30. f3 $1 $11)) 26. Qxh7 $2 {Another bad decision with limited time.} (26. h4
$1 b6 27. Rc6 $44) 26... b6 $1 {A good move that forces me to give up the d5
square.} 27. R5c3 Rd1+ 28. Rxd1 (28. Kg2 Qd5+ 29. Kh3 Rxc1 30. Rxc1 Qb7 $1 $19
{[%cal Ya8d8]}) 28... Qxd1+ 29. Kg2 Qd5+ 30. Kg1 Rd8 $2 (30... Qe5 $1 $17 {
was more accurate covering the important c7 square.}) 31. h4 $2 (31. Rc7+ $1
Rd7 32. Rxd7+ Qxd7 33. Qc2 Kf8 34. a4 Qd5 35. h4 $17 {I should have tried to
enter this queen ending with some chances of survival. I evaluated this ending
as lost but probably I was wrong.}) 31... Qe5 $1 {Nice centralizing move which
puts an end to my counterplay.} 32. Rc1 b5 (32... Rd2 $19) 33. Qc2 (33. h5 f5
$19) 33... b4 (33... Kf8 $5) 34. Qc5+ Ke8 $2 (34... Qxc5 {was simple and good.
My opponent thought for quite a while and I had enough time to understand that
I was completely losing. Somehow this made me lose my concentration and it
resulted in a major blunder later in the game.} 35. Rxc5 Ra8 (35... Rd5 36.
Rc7+ Kf8 37. Ra7 Kg7 38. Kg2 Kg6 $19) 36. Kf1 (36. Rb5 Kd6 $19) 36... Kd6 (
36... a4 {During the game I thought that a4 and b3 would easily win for Black
but that is not the case.} 37. Ke2 f5 (37... b3 $2 38. axb3 a3 39. Rc1 $11) 38.
Kd3 Kf6 39. Kc2 Rb8 $19 {followed by ...b3 and ...Rxb3.}) 37. Rc4 Kd5 38. Rf4
f5 $19) 35. Qa7 $2 {While my opponent was thinking I made up my mind that I
would go for Qa7 against Ke8 since the rook ending seemed bad for me.} (35.
Qxe5 $1 {gives me at least some chances to survive. The following variations
are a sample of how the game could have gone:} fxe5 36. Rc5 Rd5 (36... a4 37.
Rxe5) (36... Rd1+ 37. Kg2 a4 38. Rxe5 a3 39. Ra5 $11) 37. Rc8+ Kd7 38. Ra8 e4
39. Kf1 Kc6 40. Ke2 Kb5 (40... Rh5 $5 41. Rb8 $1) 41. g4 Rd3 $1 42. h5 Rh3 43.
Rf8 $11) 35... Kf8 36. Rc7 Rd1+ $2 {My opponent played this quickly because he
had calculated this variation before playing 34...Ke8} (36... Kg8 $1 37. Rxf7
Rd1+ 38. Kh2 Qe4 $19 {[%csl Rh7]}) (36... Qh5 $1 37. Qc5+ Qxc5 38. Rxc5 a4 $19)
37. Kh2 Qe4 38. Rxf7+ $4 {Played instantly.} (38. Qc5+ $1 {would give White
excellent drawing chances:} Kg8 (38... Kg7 39. Rxf7+ Kxf7 40. Qh5+ Kg7 41. Qxd1
Qd5 42. Qc2 $11) 39. Rc8+ Kg7 40. Qf8+ Kg6 41. Qg8+ Kh5 (41... Kf5 $4 42. Qh7+
Ke5 43. Qh5+ $18) 42. Qxf7+ Kg4 43. Qg7+ Kf3 44. Qxf6+ Ke2 45. f3 $11) 38...
Kg8 {Here I realised that the h7 square is covered so I run out of checks.} 0-1

[Event "EU-chT (Men) 16th"]
[Site "Heraklion"]
[Date "2007.11.01"]
[Round "5.2"]
[White "Tkachiev, Vladislav"]
[Black "Karjakin, Sergey"]
[Result "0-1"]
[WhiteElo "2661"]
[BlackElo "2694"]
[Annotator "Karjakin,S"]
[PlyCount "78"]
[EventDate "2007.10.28"]
[EventType "team-swiss"]
[EventRounds "9"]
[EventCountry "GRE"]
[SourceTitle "CBM 121"]
[Source "ChessBase"]
[SourceDate "2007.11.14"]
[SourceVersion "1"]
[SourceVersionDate "2007.11.14"]
[SourceQuality "1"]
[WhiteTeam "France"]
[BlackTeam "Ukraine"]
[WhiteTeamCountry "FRA"]
[BlackTeamCountry "UKR"]

1. d4 d5 2. c4 c6 3. Nf3 Nf6 4. e3 a6 5. Bd2 {A rare line. I knew almost
nothing about this continuation, so I started to play my own moves very soon!
Ein seltenes Abspiel. Über diese Fortsetzung wusste ich praktisch nichts,
daher fing ich sehr bald an, meine eigenen Züge zu machen!} e6 6. Qc2 Nbd7 7.
Nc3 c5 8. cxd5 exd5 9. Be2 Be7 10. O-O O-O 11. Rfd1 b5 12. Ne5 cxd4 $6 {
I wanted to open the position. Ich wollte die Stellung öffnen.} (12... Qc7 13.
Nxd7 Bxd7 14. dxc5 Bxc5 $132 {was stronger. war stärker.}) 13. Nc6 Qe8 14. exd4
(14. Nxd4 Bb7 {was ok for Black. war in Ordnung für Schwarz.}) 14... Bd6 15. a3
({White cannot win immediately by Weiß kann nicht sofort gewinnen mit} 15. Re1
{because of wegen} Nb6 $1 16. Bxb5 $2 Be6 17. Ba4 (17. Na4 axb5 18. Nxb6 Ra6
$17) 17... Rc8 $15) (15. Bf3 Nb6 16. Ne5 Be6 {did not give White anything
special. hätte dem Anziehenden auch nichts Besonderes eingebracht.}) 15... Nb6
16. Nb4 Bb7 (16... Bg4 {is equal, but in the first board Ivanchuk lost to
Bacrot, and I thought that I should try to play on to win! ist ausgeglichen,
aber am ersten Brett verlor Ivanchuk gegen Bacrot, daher dachte ich, ich
sollte versuchen, auf Gewinn zu spielen!}) 17. Nd3 Ne4 18. Bf4 Bxf4 19. Nxf4
Rc8 20. Bf3 Na4 21. Nfe2 Qd7 22. Rab1 (22. Qb3 $11) 22... Ng5 $6 {I thought
that my only chance is to win a bishop, but it is not so good decision. Ich
sah meine einzige Gewinnchance darin, einen Läufer zu erobern, doch dies ist
keine gute Entscheidung.} (22... Rc4 23. Qd3 Naxc3 24. Nxc3 Nxc3 25. bxc3 Ra4
26. Rb3 Qd6 27. Ra1 $11) 23. Qd3 Nb6 {I was already in big time trouble, but
from here my opponent started to reach me and the time trouble became mutual.
Ich befand mich bereits in schwerer Zeitnot, aber von hier an holte mein
Gegner mich allmählich ein, und uns wurde beiden die Zeit knapp.} 24. h4 ({
Stärker war} 24. Nc1 $1 {immediately transfering the knight to c5 was stronger.
, um den Springer sofort nach c5 zu überführen.}) 24... Nxf3+ 25. Qxf3 Nc4 26.
Nc1 $2 {This is a blunder! Das ist ein Einsteller!} (26. Nf4 Qf5 27. Nfxd5 Qxf3
28. gxf3 Rfe8 29. Kg2 Kf8 {was not so good for White. war auch nicht so gut
für Weiß.}) ({But Aber} 26. h5 h6 27. Nc1 {was a better option. war eine
bessere Möglichkeit.}) 26... Qe7 $1 {Attacking the h4-pawn while threatening
Nd2. Greift den h4-Bauern an und droht gleichzeitig Nd2.} 27. Qg3 $6 {My
opponent was upset and he errs again! Mein Gegner war aus dem Konzept geraten,
und er greift erneut fehl!} (27. Nd3 Qxh4 28. Nc5 Ba8 {was slightly better for
Black, but it had to be prefered. war leicht besser für Schwarz, doch so
musste gespielt werden.}) 27... Nd2 $1 28. Ra1 Ne4 29. Nxe4 dxe4 30. Nb3 Bd5
31. Nc5 Rc6 32. Qe5 $1 {Great resource! Of course I had missed this move, but
luckily Black has a good answer. Tolle Ressource! Natürlich hatte ich diesen
Zug übersehen, doch zum Glück hat Schwarz eine gute Antwort.} Qd8 $1 (32...
Qxe5 33. dxe5 Rxc5 34. b4 $11) (32... Qxh4 33. Qxd5 Rh6 34. Kf1 Qg4 35. Kg1 $11
) 33. Nb7 $2 {Miscalculation. Eine Fehlberechnung.} (33. Qg5 f5 34. Qxd8 Rxd8
$15) 33... Qxh4 {Now Black is winning. Nun gewinnt Schwarz.} 34. Qxd5 (34. Nd6
e3 35. fxe3 Bxg2 36. Qxg7+ Kxg7 37. Nf5+ Kh8 38. Nxh4 Be4 $19) (34. g3 Qg4 35.
Qxd5 Rh6 $19) 34... Rh6 35. Kf1 Rf6 36. f3 exf3 37. gxf3 Qh2 38. Qe4 Rg6 39.
Qe3 Rg2 0-1

[Event "Schlechter Memorial"]
[Site "Vienna"]
[Date "1996.??.??"]
[Round "3"]
[White "Blatny, Pavel"]
[Black "Eisterer, Heinrich"]
[Result "1-0"]
[WhiteElo "2490"]
[BlackElo "2340"]
[Annotator "Karrer,L"]
[PlyCount "95"]
[EventDate "1996.10.10"]
[EventType "swiss"]
[EventRounds "9"]
[EventCountry "AUT"]
[SourceTitle "CBM 055 Extra"]
[Source "ChessBase"]
[SourceDate "1997.01.01"]
[SourceVersion "1"]
[SourceVersionDate "1997.01.01"]
[SourceQuality "1"]

1. Nf3 d5 2. c4 c6 3. e3 Nf6 4. Nc3 e6 5. d4 Nbd7 6. Qc2 {Ebenfalls populär ist
} (6. Bd3 dxc4 7. Bxc4 b5 {die Meranter Variante. Der Textzug wird
insbesondere von Karpow bevorzugt.}) 6... Bd6 7. Be2 O-O 8. O-O dxc4 9. Rd1 {
Mit dem Textzug unterbindet e6-e5, was z.B. auf} (9. Bxc4 {geschehen könnte.})
9... Qe7 10. Ng5 $5 {Ein recht interessanter Plan. Gebräuchlicher ist} (10.
Bxc4 {worauf Schwarz in der Partie Hellsten-Sergejew, Halle 1995, nach} e5 11.
Bb3 e4 12. Ng5 Bxh2+ 13. Kxh2 Ng4+ 14. Kg1 Qxg5 15. Nxe4 Qh4 16. Ng3 Qh2+ 17.
Kf1 h5 {vorzügliches Gegenspiel erlangte.}) 10... e5 {Möglich ist auch} (10...
h6 11. Nge4 b5 $1 12. Nxd6 Qxd6 13. e4 {und Weiß hat Kompensation für den
geopferten Bauern.}) 11. d5 h6 12. dxc6 hxg5 13. cxd7 Bxd7 14. e4 $1 Be6 {Falls
} (14... g4 {so} 15. Bg5 Be6 16. Bxf6 gxf6 17. Nd5 {mit Vorteil für Weiß.}) 15.
Bxg5 Bc5 16. Kh1 $5 Rac8 17. f4 Bd4 18. Bxf6 {Nicht aber} (18. f5 $6 Ng4 $1 19.
Bxe7 (19. Rxd4 Qxg5) 19... Nf2+ 20. Kg1 Nxd1+ 21. Kh1 (21. Kf1 $4 Ne3+) 21...
Nf2+ {und Weiß kann der Punkteteilung nicht entrinnen.}) 18... Qxf6 19. f5 Bd7
20. Nd5 Qd6 21. f6 gxf6 22. Rf1 f5 {[#]} 23. Bg4 $3 {Die Pointe des weißen
Spiels! Weiß gelangt nun zu heftigem Königsangriff.} fxg4 24. Rf6 Be6 25. Qd2
$1 Rfd8 26. Rh6 Bxd5 {Zwingt Schwarz bei fortgesetztem weißen Angriff, sich
von seiner Dame zu trennen. Nicht besser war auch} (26... f6 27. Rxf6) 27. Qg5+
Qg6 28. Rxg6+ fxg6 29. Qxg6+ Kh8 30. Qh5+ Kg8 31. Qxg4+ Kh8 32. Qh5+ Kg8 33.
Qg5+ Kh8 34. Qh6+ Kg8 35. Qg6+ Kh8 36. exd5 Rf8 37. g3 Bxb2 38. Re1 {Das
Eingreifen des weißen Turms entscheidet.} Rc7 39. Qh6+ Kg8 40. Re4 Rff7 41.
Rg4+ Rg7 42. Qe6+ Kf8 43. Qf6+ Kg8 44. Qd8+ Kh7 45. Rh4+ Kg6 46. Qd6+ Kf5 47.
Qe6+ Kg5 48. Rg4+ 1-0

[Event "Interzonal-16"]
[Site "Biel"]
[Date "1993.??.??"]
[Round "7"]
[White "Gurevich, Mikhail"]
[Black "Khalifman, Alexander"]
[Result "0-1"]
[WhiteElo "2605"]
[BlackElo "2645"]
[Annotator "Khalifman,A"]
[PlyCount "106"]
[EventDate "1993.07.16"]
[EventType "swiss"]
[EventRounds "13"]
[EventCountry "SUI"]
[SourceTitle "CBM 037"]
[Source "ChessBase"]
[SourceDate "1993.12.01"]
[SourceVersion "1"]
[SourceVersionDate "1993.12.01"]
[SourceQuality "1"]

1. d4 d5 2. c4 c6 3. Nc3 Nf6 4. e3 e6 5. Nf3 Nbd7 6. Qc2 Bd6 7. Be2 O-O 8. O-O
e5 9. cxd5 cxd5 10. dxe5 (10. Nb5 Bb8 11. dxe5 Nxe5 12. Rd1 (12. Bd2 Ne4 13.
Rad1 Bg4 14. Nbd4 Qf6 15. Qb3 Qh6 $13 {Browne,W-Polgar,Z San Francisco 1991})
12... a6 13. Nc3 (13. Nbd4 Qd6 $10) 13... Qc7 $5 14. g3 Neg4 15. Bd2 Be6 $13 {
Granda,J-Illescas,M Pamplona 1992}) 10... Nxe5 11. Rd1 Nxf3+ (11... Qc7) (11...
Be6) 12. Bxf3 Qc7 13. h3 (13. g3 Be5 14. Qd3 (14. Bxd5 Nxd5 15. Rxd5 Be6 $44)
14... Bxc3 15. Qxc3 Qxc3 16. bxc3 Be6 17. Rb1 b6 (17... Rab8 $6 18. Ba3 Rfe8
19. Bd6 Rbd8 20. Be5 $14 {Farago,I-Blauert,J Vienna op 1991}) 18. c4 Rad8 $10)
13... Bh2+ 14. Kh1 Be5 15. Bd2 Be6 16. Be1 (16. Qd3 Qd7 17. Be1 Rfd8 18. Kg1
Rac8 19. Rac1 d4 (19... Bb8 $5) 20. exd4 Bxd4 21. Qe2 h6 $10 {Karpov,
A-Kasparov,G Linares 1991}) 16... Rfd8 17. Qe2 (17. Qd3 Qd7 $10) (17. Rac1 Rac8
18. Qa4 $5) 17... a6 18. Rac1 $6 $146 (18. Na4 Rac8 19. Bc3 b5 20. Bxe5 Qxe5
$10 {Epishin,V-Illescas,M Logrono 1991}) 18... Rac8 19. a3 (19. Nxd5 $2 Qxc1
20. Rxc1 Rxc1 $19) 19... Qd7 20. Kg1 Bb8 $1 21. g3 Ba7 22. g4 $2 (22. h4 Qd6
$15) 22... h6 $1 $17 (22... d4 23. exd4 Bb3 24. g5 $1 $13) 23. Bg2 d4 $1 24.
exd4 Bb3 25. Rd2 Bb8 $1 26. Qf3 (26. Rb1 Bf4 27. Rd3 Bc4 $19) 26... Bd5 $1 27.
Nxd5 (27. Qe3 Re8 $19) 27... Rxc1 28. Nxf6+ gxf6 29. Rd1 (29. Re2 Re8 $1 30.
Kf1 Qb5 $1 31. b3 (31. a4 Qc4 32. b3 Rxe1+ $1 $19) 31... Bd6 32. a4 Bb4 $19)
29... Rxd1 30. Qxd1 Be5 31. d5 (31. Bc3 b5 $1 (31... Bxd4 32. Qxd4 Qxd4 33.
Bxd4 Rxd4 34. Bxb7 $15) 32. Qc1 Bxd4 33. Qxh6 Bxc3 34. bxc3 Qd1+ 35. Kh2 Qd6+
$19) 31... Bxb2 32. Bd2 Bxa3 33. Bxh6 Qe7 $19 34. Bf3 Bd6 35. Be3 Qe5 36. Kf1
b5 37. Qc2 b4 38. Qa4 Rb8 39. Bd1 Qxd5 40. Bb3 Qb5+ 41. Qxb5 Rxb5 42. Ke2 Re5
43. Kd3 Bc5 44. Bd2 Bxf2 45. Bxb4 Re3+ 46. Kc2 Rxh3 47. Bc4 Rg3 48. Bxa6 Rxg4
49. Bd2 Rd4 50. Bd3 Kg7 51. Bc3 Rd6 52. Bd2 Bh4 53. Bb4 Rd5 0-1

[Event "Ter Apel"]
[Site "Ter Apel"]
[Date "1994.??.??"]
[Round "1"]
[White "Dautov, Rustem"]
[Black "Khalifman, Alexander"]
[Result "1/2-1/2"]
[WhiteElo "2625"]
[BlackElo "2660"]
[Annotator "Khalifman,A"]
[PlyCount "31"]
[EventDate "1994.03.??"]
[EventType "tourn"]
[EventRounds "5"]
[EventCountry "NED"]
[EventCategory "15"]
[SourceTitle "CBM 040"]
[Source "ChessBase"]
[SourceDate "1994.06.01"]
[SourceVersion "1"]
[SourceVersionDate "1994.06.01"]
[SourceQuality "1"]

1. d4 d5 2. c4 c6 3. Nf3 Nf6 4. Nc3 e6 5. e3 Nbd7 6. b3 Bd6 7. Be2 O-O 8. O-O
Ne4 9. Bb2 f5 10. a3 Qf6 11. b4 a6 12. Rc1 Qh6 (12... g5 $5 13. g3 Qg7 $1 $15 (
13... h5 14. h4 $1 $13) (13... g4 $6 14. Nxe4 dxe4 15. Nh4 $14) (13... b5 14.
c5 Bc7 15. a4 $13)) 13. g3 Ndf6 14. Ne5 Bd7 15. Kg2 $1 Be8 16. f3 $13 1/2-1/2

[Event "Groningen PCA"]
[Site "Groningen"]
[Date "1993.??.??"]
[Round "2"]
[White "Vyzmanavin, Alexey"]
[Black "Khalifman, Alexander"]
[Result "1/2-1/2"]
[WhiteElo "2605"]
[BlackElo "2645"]
[Annotator "Khalifman,A"]
[PlyCount "37"]
[EventDate "1993.12.??"]
[EventType "swiss"]
[EventRounds "11"]
[EventCountry "NED"]
[SourceTitle "CBM 039"]
[Source "ChessBase"]
[SourceDate "1994.04.01"]
[SourceVersion "1"]
[SourceVersionDate "1994.04.01"]
[SourceQuality "1"]

1. d4 d5 2. c4 c6 3. e3 Nf6 4. Nc3 e6 5. Nf3 Nbd7 6. cxd5 (6. Bd3) (6. Qc2)
6... exd5 7. Bd3 Bd6 8. O-O O-O 9. b3 (9. Re1 Re8 10. Qc2 Nf8 11. e4 dxe4 12.
Nxe4 Nxe4 13. Bxe4 $10) 9... Re8 10. Qc2 Nf8 11. Bb2 (11. h3 Ng6 12. Bb2 Qe7
$10) 11... Bg4 12. Nd2 (12. Nh4 Ne4 13. g3 Bh3 $10) 12... Bh5 13. Rfe1 Bg6 $10
14. Nf1 Qc7 15. Rad1 Ne6 16. f3 Rad8 17. Qf2 a6 18. Kh1 (18. Ne2 Bb4 19. Bc3 a5
$10) 18... c5 $1 19. dxc5 (19. dxc5 Bxc5 20. Na4 (20. Ne2 $2 Bb4 $17) 20... Be7
21. Re2 $10) 1/2-1/2